| 000 | 00943nam a2200277 a 4500 | ||
|---|---|---|---|
| 008 | |||
| 020 | _a9781843343721(pbk.) | ||
| 049 | _aMAIN | ||
| 090 |
_aREF Z669.7 _bLAW |
||
| 100 | 1 | _aLawal, Ibironke O. | |
| 245 | 1 | 0 |
_aLibrary and information science reserach in the 21st century : _ba guide for practising librarians and students/ _cIbironke O. Lawal. |
| 260 |
_aOxford : _bChandos publishing, _c2009. |
||
| 300 |
_axvi. 212 pages : _billustrations ; _c24 cm. |
||
| 336 |
_atext _btxt _2rdacontent |
||
| 337 |
_acomputer _bc _2rdamedia |
||
| 338 |
_aonline resource _bcr _2rdacarrier |
||
| 490 | _aChandos Information Professional series. | ||
| 504 | _aIncludes bibliographical references. | ||
| 500 | _aIncludes index. | ||
| 650 | 1 | _aLibrary research. | |
| 907 |
_a.b10396950 _b18-03-19 _c14-03-19 |
||
| 003 | |||
| 005 | 20230120144500.0 | ||
| 040 | _cNUST | ||
| 942 |
_cBOOKS _kREF Z669.7 _mLAW |
||
| 999 |
_c97655 _d97655 |
||